000 03862nam0a2200469 4500
001 RU\NLR\bibl\991073
005 20260409075413.0
010 _a5-98143-038-9
_9210
021 _aRU
_b2006-52409
_92581
035 _a(nilc)RSL-KNO-002924862
035 _a(NLR Aleph) 000978877
090 _a446290
_c446290
100 _a20060913d2006 |||y0rusy50 ca
101 0 _arus
102 _aRU
105 _aa |||||||||
106 _ar
200 1 _aАктуальные проблемы управления процессом создания здоровьесберегающей образовательной среды в учреждениях профобразования ХМАО - Югры
_eсборник тезисов, докладов и выступлений на окружной научно-практической конференции в г. Сургуте, 08-09.02.06 г.
_f[редкол.:... Васильков В. А. - к. п. н., проф., отв. ред. и др.]
210 _aХанты-Мансийск
_cИнформационно-издательский центр
_d2006
215 _a170 с.
_cил.
_d21
300 _aВ надзаг.: Деп. образования и науки Ханты-Манс. авт. округа - Югры, Ханты-Манс. окруж. ин-т повышения квалификации и развития регион. образования
320 _aБиблиогр. в конце ст.
606 _8rus
_aВалеология в образовании
_7ca
_jСъезды, совещания и т.п.
_3RU\NLR\auth\661460203
_92456734
606 1 _aУчреждения профессионального образования
_jСъезды, совещания и т.п.
_xУчебно-воспитательная работа
_yХанты-Мансийский автономный округ-Югра
_92490360
_3RU\NLR\auth\661477717
610 0 _aКультура. Наука. Просвещение -- Народное образование. Педагогические науки -- Профессиональное и специальное образование -- Педагогика профессионального и специального образования -- Российская Федерация -- Организация работы учебного заведения -- Материалы конференции
610 0 _aКультура. Наука. Просвещение -- Народное образование. Педагогические науки -- Профессиональное и специальное образование -- Педагогика профессионального и специального образования -- Российская Федерация -- Воспитание -- Виды воспитания -- Физическое воспитание -- Материалы конференции
686 _aЧ451,6(2)4я431(2)
_2rubbk
686 _aЧ451,6(2)354я431(2)
_2rubbk
686 _aЧ313.54я431
686 _aЧ451.2я431
686 _aЧ451.3я431
702 1 _aВасильков
_bВ. А.
_gВасилий Александрович
_4340
711 1 2 _a"Актуальные проблемы процесса создания здоровьесберегающей среды в учреждениях профобразования округа", ханты-мансийская окружная научно-методическая конференция
_f2006
_eСургут
_3RU\NLR\AUTH\8810087231
_9676104
801 0 _aRU
_bРКП
_c20060913
_grcr
801 1 _aRU
_bРГБ
_c20060913
801 2 _aRU
_bNLR
_c20061004
_grcr
830 _aРед. по ЭК.
942 _cBOOK
980 _aNB
980 _aNBR